000 00426nam a2200181Ia 4500
005 20240823051620.0
008 240823s9999||||xx |||||||||||||| ||und||
041 _aENGLISH
082 _A820.903 L0
100 _aTillyard EM W
245 4 _aThe Elizabethan World Picture
250 _a1st
260 _c1970
_b"Penguin Books,En"
500 _aTRANSFERED
650 _aGeneral
_bGeneral
942 _cBK
999 _c219987
_d219987